[Event "chess.com IoM Masters"]
[Site "Douglas ENG"]
[Date "2016.10.08"]
[Round "8.24"]
[White "Brunello, Sabino"]
[Black "Karavade, Eesha"]
[Result "1-0"]
[WhiteTitle "GM"]
[BlackTitle "IM"]
[WhiteElo "2566"]
[BlackElo "2421"]
[WhiteFideId "813613"]
[BlackFideId "5012600"]
[EventDate "2016.10.01"]

1. c4 Nf6 2. d4 e6 3. Nf3 d5 4. Nc3 Bb4 5. Bg5 h6 6. Bxf6 Qxf6 7. cxd5 exd5 8.
Qa4+ Nc6 9. e3 O-O 10. Be2 Be6 11. O-O a6 12. Rfc1 Bd6 13. Qd1 Ne7 14. Na4 b6
15. b4 Nf5 16. Nb2 a5 17. b5 g5 18. Nd3 Qg7 19. Rc3 Rae8 20. Rac1 Re7 21. Nfe5
f6 22. Nc6 Ree8 23. g3 Ne7 24. Bh5 Nxc6 25. Rxc6 Rd8 26. Bf3 Kh8 27. a4 Qd7 28.
Ne1 Qg7 29. Bg2 Qf7 30. Nd3 Kg7 31. Qd2 Kh8 32. Bf3 Qd7 33. Qa2 Qf7 34. Bd1 Qh7
35. Qe2 Bd7 36. R6c3 Be6 37. Bc2 Qf7 38. Bb1 Rd7 39. Rc6 Rdd8 40. R6c3 Rd7 41.
Ne1 Rdd8 42. Ng2 Bd7 43. Bd3 Rde8 44. Qc2 f5 45. f4 gxf4 46. exf4 Qf6 47. Qf2
Re7 48. Nh4 Rg8 49. Kf1 Be6 50. Nf3 Bf7 51. Ne5 Bh5 52. Qg2 Qe6 53. Bb1 Bxe5 54.
dxe5 d4 55. Rd3 Bf7 56. Rxd4 Qb3 57. Bxf5 Qe3 58. Rcd1 Bh5 59. R1d2 Bf7 60. Qc6 1-0

[Event "chess.com IoM Masters"]
[Site "Douglas ENG"]
[Date "2016.10.08"]
[Round "8.25"]
[White "Houska, Jovanka"]
[Black "Zumsande, Martin"]
[Result "0-1"]
[WhiteTitle "IM"]
[BlackTitle "IM"]
[WhiteElo "2386"]
[BlackElo "2490"]
[WhiteFideId "405094"]
[BlackFideId "4651324"]
[EventDate "2016.10.01"]

1. d4 d5 2. Nf3 Nf6 3. c4 e6 4. Nc3 Be7 5. Bf4 O-O 6. e3 c5 7. dxc5 Bxc5 8. Qc2
Nc6 9. Rd1 Qa5 10. Be2 dxc4 11. Bxc4 a6 12. O-O b5 13. Be2 Nb4 14. Qc1 Qb6 15.
e4 Bb7 16. a3 Nc6 17. b4 Bd4 18. Nxd4 Nxd4 19. Qe3 Nxe2+ 20. Qxe2 Qc6 21. Rc1
Nxe4 22. Nxe4 Qxe4 23. Qxe4 Bxe4 24. Rc7 Rfd8 25. Rfc1 h6 26. f3 Bd5 27. R1c5
Bc4 28. a4 Rd4 29. Rc8+ Rxc8 30. Rxc8+ Kh7 31. Be5 Rd1+ 32. Kf2 Rd2+ 33. Kg1 f6
34. Bf4 Rd1+ 35. Kf2 e5 36. Be3 Rf1+ 37. Kg3 Rb1 38. axb5 axb5 39. Rc7 Rb2 40.
Rd7 h5 41. h4 Rxb4 42. Bc5 Rb2 43. Kh2 Bf1 44. Kg1 Bxg2 45. Bf8 Kg8 46. Rd8 Kf7
47. f4 exf4 48. Bd6 f3 49. Rb8 Bh3 50. Bc5 Rg2+ 51. Kh1 f2 0-1

[Event "chess.com IoM Masters"]
[Site "Douglas ENG"]
[Date "2016.10.08"]
[Round "8.26"]
[White "Gagare, Shardul"]
[Black "Balint, Vilmos"]
[Result "1-0"]
[WhiteTitle "GM"]
[WhiteElo "2480"]
[BlackElo "2334"]
[WhiteFideId "5037883"]
[BlackFideId "718050"]
[EventDate "2016.10.01"]

1. d4 e6 2. c4 b6 3. Nf3 Bb7 4. g3 Bb4+ 5. Bd2 Bxf3 6. exf3 Bxd2+ 7. Qxd2 Ne7 8.
Nc3 d5 9. cxd5 Nxd5 10. Nxd5 Qxd5 11. Qc3 O-O 12. Bd3 c6 13. O-O Rc8 14. Be4 Qd6
15. Rac1 f5 16. Bd3 Nd7 17. Qc4 b5 18. Qc3 a6 19. Rcd1 Rd8 20. Bc2 a5 21. Rfe1
a4 22. Re2 Nb6 23. b3 Nd5 24. Qe1 Nb4 25. Bb1 Kf7 26. a3 Na6 27. b4 Nc7 28. Ba2
Qe7 29. Re5 g6 30. Qe3 Rd6 31. h4 Qf6 32. Kg2 Rad8 33. h5 g5 34. Rc1 Na6 35.
Rxe6 Rxe6 36. Rxc6 f4 1-0

[Event "chess.com IoM Masters"]
[Site "Douglas ENG"]
[Date "2016.10.08"]
[Round "8.27"]
[White "Enkhtuul, Altan-Ulzii"]
[Black "Trent, Lawrence"]
[Result "1-0"]
[WhiteTitle "WGM"]
[BlackTitle "IM"]
[WhiteElo "2302"]
[BlackElo "2463"]
[WhiteFideId "4901444"]
[BlackFideId "408638"]
[EventDate "2016.10.01"]

1. Nf3 c5 2. g3 Nc6 3. c4 g6 4. Bg2 Bg7 5. O-O Nh6 6. e4 O-O 7. Nc3 f5 8. d3 d6
9. h3 Nf7 10. Ng5 Nxg5 11. Bxg5 h6 12. Be3 Kh7 13. Kh2 Rb8 14. h4 f4 15. Bxf4
Rxf4 16. gxf4 e5 17. Rh1 exf4 18. Kg1 Ne5 19. Nd5 Qf8 20. f3 b5 21. cxb5 Be6 22.
Nc3 h5 23. Bf1 Qd8 24. Be2 d5 25. exd5 Bxd5 26. Ne4 Rxb5 27. Ng5+ Kh6 28. d4 Nc4
29. dxc5 Qe7 30. Qxd5 Qe3+ 31. Kf1 Bd4 32. Nh3 Nd2+ 33. Ke1 Rxc5 34. Qa8 Bg7 35.
Rd1 Rc2 36. Qd5 Bf6 37. Rxd2 Rc1+ 38. Rd1 Bxh4+ 39. Kf1 Rc7 40. Qe4 1-0

[Event "chess.com IoM Masters"]
[Site "Douglas ENG"]
[Date "2016.10.08"]
[Round "8.29"]
[White "Hillarp Persson, Tiger"]
[Black "Harsha, Bharathakoti"]
[Result "1-0"]
[WhiteTitle "GM"]
[WhiteElo "2513"]
[BlackElo "2363"]
[WhiteFideId "1700812"]
[BlackFideId "5078776"]
[EventDate "2016.10.01"]

1. Nf3 d5 2. g3 c6 3. Bg2 Bg4 4. d3 Nd7 5. O-O e6 6. Nbd2 Bd6 7. h3 Bh5 8. b3
Ne7 9. Bb2 O-O 10. e4 a5 11. c4 Ne5 12. Qc2 Nxf3+ 13. Nxf3 dxe4 14. dxe4 Bxf3
15. Bxf3 Ng6 16. Rad1 Qe7 17. Bg2 Rfd8 18. h4 Be5 19. Bc1 Bd4 20. h5 Ne5 21. Qe2
h6 22. Kh2 f6 23. f4 Nf7 24. e5 fxe5 25. fxe5 c5 26. Qe4 Qc7 27. Qg6 Nxe5 28.
Qxe6+ Kh8 29. Be4 Qd7 30. Qxd7 Rxd7 31. Kh3 Re7 32. Bd5 Rae8 33. Rf5 Nd7 34.
Bxb7 Nf6 35. Bc6 Rc8 36. Bf3 Ne4 37. Bxe4 Rxe4 38. Rd2 a4 39. Bb2 Bxb2 40. Rxb2
axb3 41. axb3 Re3 42. Kg2 Kh7 43. Rf3 Re5 44. g4 Re4 45. Kg3 Rd8 46. Rbf2 Rd1
47. Rf1 Rd6 48. Rf4 Re3+ 49. R1f3 Re1 50. Rf5 Rc6 51. Kf4 Rc8 52. Re3 Rf1+ 53.
Rf3 Re1 54. Rd3 Rf1+ 55. Ke4 Re1+ 56. Kf3 Rg1 57. Re3 Rf1+ 58. Kg2 Rb1 59. Rf7
Rb2+ 60. Kg3 Rb8 61. Rc7 R2xb3 62. Rxb3 Rxb3+ 63. Kf4 Kg8 64. Rxc5 Kf7 65. Rc7+
Kf6 66. Rc6+ Kf7 67. Ke5 Re3+ 68. Kd5 Rg3 69. Rg6 Rd3+ 70. Kc6 Rc3 71. c5 Rc4
72. Kd6 Rc2 73. c6 Rd2+ 74. Kc7 Re2 75. Kb7 1-0

[Event "chess.com IoM Masters"]
[Site "Douglas ENG"]
[Date "2016.10.08"]
[Round "8.30"]
[White "Paehtz, Thomas"]
[Black "Ushenina, Anna"]
[Result "0-1"]
[WhiteTitle "GM"]
[BlackTitle "GM"]
[WhiteElo "2356"]
[BlackElo "2459"]
[WhiteFideId "4611349"]
[BlackFideId "14110911"]
[EventDate "2016.10.01"]

1. e4 c5 2. Nf3 Nc6 3. Bb5 g6 4. Bxc6 bxc6 5. d3 Bg7 6. O-O e5 7. a3 Ne7 8. Be3
d6 9. b4 cxb4 10. axb4 Qc7 11. d4 d5 12. Nxe5 f6 13. Nd3 dxe4 14. Bf4 Qd8 15.
Nc5 Nd5 16. Bd2 f5 17. c3 O-O 18. Na3 f4 19. Nxe4 f3 20. Re1 Qh4 21. Ng5 fxg2
22. Qe2 Bh6 23. c4 Bg4 24. f3 Bxg5 25. Bxg5 Qxg5 26. cxd5 Bxf3 27. Qe6+ Rf7 28.
dxc6 Bd5 29. Qe5 Rf1+ 30. Rxf1 gxf1=Q+ 31. Kxf1 Qg2+ 32. Ke1 Rf8 0-1

[Event "chess.com IoM Masters"]
[Site "Douglas ENG"]
[Date "2016.10.08"]
[Round "8.31"]
[White "Romanishin, Oleg M"]
[Black "Formento, Paolo"]
[Result "1-0"]
[WhiteTitle "GM"]
[BlackTitle "FM"]
[WhiteElo "2456"]
[BlackElo "2326"]
[WhiteFideId "14100088"]
[BlackFideId "861162"]
[EventDate "2016.10.01"]

1. d4 Nf6 2. Nf3 g6 3. g3 Bg7 4. Bg2 O-O 5. O-O d6 6. a4 a5 7. Nc3 c6 8. e4 Na6
9. h3 Nb4 10. Be3 Qc7 11. Nd2 d5 12. e5 Ne8 13. Na2 Nxa2 14. Rxa2 f6 15. f4 Be6
16. Ra3 Qd7 17. Kh2 Nc7 18. Qe2 Na6 19. Nf3 Kh8 20. Bf2 Nc7 21. Rb3 b5 22. axb5
cxb5 23. Rc3 Bg8 24. Ra1 b4 25. Re3 a4 26. Qd2 Rfb8 27. Ne1 Nb5 28. Nd3 a3 29.
b3 Nc3 30. Nxb4 Ne4 31. Rxe4 dxe4 32. Bxe4 fxe5 33. fxe5 Bxe5 34. Nc6 Bd6 35.
Nxb8 Rxb8 36. d5 e5 37. Be3 Qc7 38. Qd3 Qb7 39. Bg2 Qb4 40. Qa6 Kg7 41. c3 1-0

[Event "chess.com IoM Masters"]
[Site "Douglas ENG"]
[Date "2016.10.08"]
[Round "8.32"]
[White "L'Ami, Alina"]
[Black "Kiewra, Keaton F"]
[Result "0-1"]
[WhiteTitle "IM"]
[BlackTitle "IM"]
[WhiteElo "2322"]
[BlackElo "2454"]
[WhiteFideId "1210246"]
[BlackFideId "2019280"]
[EventDate "2016.10.01"]

1. d4 Nf6 2. c4 e6 3. Nc3 c5 4. d5 exd5 5. cxd5 d6 6. e4 g6 7. f4 Bg7 8. Bb5+
Nfd7 9. Nf3 a6 10. Bd3 b5 11. O-O O-O 12. Kh1 Re8 13. a3 Ra7 14. f5 Ne5 15. Bg5
Bf6 16. Bxf6 Qxf6 17. Nxe5 Qxe5 18. Qf3 Kh8 19. f6 Nd7 20. h4 Rg8 21. g4 g5 22.
h5 Qd4 23. Bxb5 Ne5 24. Qg2 axb5 25. Nxb5 Qa4 26. Nxd6 Bxg4 27. b4 Qb3 28. bxc5
Bh3 29. Qh2 Ng4 30. Qg1 Bxf1 31. Qxg4 Bh3 32. Qd1 Qb2 33. Qg1 Bg2+ 34. Qxg2
Qxa1+ 0-1

[Event "chess.com IoM Masters"]
[Site "Douglas ENG"]
[Date "2016.10.08"]
[Round "8.33"]
[White "Praggnanandhaa, R"]
[Black "Peek, Marcel"]
[Result "1-0"]
[WhiteTitle "IM"]
[BlackTitle "IM"]
[WhiteElo "2442"]
[BlackElo "2319"]
[WhiteFideId "25059530"]
[BlackFideId "1000462"]
[EventDate "2016.10.01"]

1. Nf3 d5 2. b3 Bg4 3. Bb2 Nd7 4. e3 Ngf6 5. c4 e6 6. Be2 c6 7. Nc3 Bd6 8. d4
O-O 9. O-O Qe7 10. h3 Bh5 11. c5 Bc7 12. b4 e5 13. Nxe5 Bxe2 14. Nxe2 Nxe5 15.
dxe5 Bxe5 16. Bxe5 Qxe5 17. a4 Ne4 18. Qd4 Qe7 19. Nf4 Rfe8 20. Rfc1 Ng5 21. b5
Qc7 22. Qd3 Ne6 23. Nxe6 fxe6 24. Rab1 e5 25. Qb3 Qf7 26. bxc6 bxc6 27. Qb7 Qf6
28. a5 d4 29. Rb2 h6 30. a6 Rad8 31. Qxa7 Qg5 32. Qb7 Kh7 33. Qxc6 e4 34. h4 Qe5
35. exd4 Rxd4 36. a7 Rdd8 37. Rcb1 e3 38. fxe3 Qxe3+ 39. Kh2 Rd4 40. g3 Rd2+ 41.
Rxd2 Qxd2+ 42. Qg2 1-0

[Event "chess.com IoM Masters"]
[Site "Douglas ENG"]
[Date "2016.10.08"]
[Round "8.34"]
[White "Jackson, James P"]
[Black "Sundararajan, Kidambi"]
[Result "0-1"]
[WhiteTitle "FM"]
[BlackTitle "GM"]
[WhiteElo "2311"]
[BlackElo "2429"]
[WhiteFideId "416860"]
[BlackFideId "5005370"]
[EventDate "2016.10.01"]

1. e4 c5 2. Nf3 e6 3. c3 Nf6 4. e5 Nd5 5. d4 cxd4 6. cxd4 d6 7. a3 Nc6 8. Bd3 g6
9. O-O Bg7 10. Re1 O-O 11. Nbd2 dxe5 12. dxe5 Nf4 13. Bf1 Nd3 14. Bxd3 Qxd3 15.
Qa4 Ne7 16. Qf4 b6 17. Ne4 Bb7 18. Nf6+ Bxf6 19. Qxf6 Nf5 20. Be3 Bxf3 21. gxf3
Rfd8 22. a4 Qd5 23. Kg2 Rac8 24. Rac1 Qd7 25. b3 h6 26. Kf1 Rxc1 27. Bxc1 Rc8
28. Kg2 Rc2 29. Be3 Nxe3+ 30. Rxe3 Qd2 31. Kh3 Qxf2 32. Rd3 Qxh2+ 33. Kg4 Rg2# 0-1

[Event "chess.com IoM Masters"]
[Site "Douglas ENG"]
[Date "2016.10.08"]
[Round "8.35"]
[White "Alvarado Diaz, Alejandro"]
[Black "Karthik, Venkataraman"]
[Result "1-0"]
[WhiteTitle "IM"]
[BlackTitle "FM"]
[WhiteElo "2425"]
[BlackElo "2317"]
[WhiteFideId "2276119"]
[BlackFideId "25006479"]
[EventDate "2016.10.01"]

1. d4 Nf6 2. Bg5 Ne4 3. h4 d5 4. Nd2 Bf5 5. Nxe4 Bxe4 6. f3 h6 7. Bf4 Bh7 8. e3
e6 9. Bd3 Bxd3 10. Qxd3 c5 11. Ne2 Nc6 12. c3 Rc8 13. g4 Be7 14. Bg3 Qb6 15. Qd2
cxd4 16. exd4 Na5 17. b3 Nc6 18. Kf1 Qd8 19. Kg2 b5 20. b4 h5 21. a4 bxa4 22.
Rxa4 Qb6 23. Qd3 a5 24. bxa5 Nxa5 25. Rb1 Qd8 26. g5 g6 27. Nf4 Rg8 28. Qb5+ Nc6
29. Ra6 Qd7 30. Nd3 Nd8 31. Qa5 Nc6 32. Qa4 Nd8 33. Qa1 Nc6 34. Rbb6 Rh8 35. Qa4
Nd8 36. Qa1 Kf8 37. Ra7 Qe8 38. Rxe7 1-0

[Event "chess.com IoM Masters"]
[Site "Douglas ENG"]
[Date "2016.10.08"]
[Round "8.36"]
[White "Taylor, Adam C"]
[Black "Gaponenko, Inna"]
[Result "1/2-1/2"]
[WhiteTitle "FM"]
[BlackTitle "IM"]
[WhiteElo "2236"]
[BlackElo "2421"]
[WhiteFideId "424668"]
[BlackFideId "14101181"]
[EventDate "2016.10.01"]

1. a3 d5 2. d4 Nf6 3. Nf3 Bf5 4. Bf4 e6 5. e3 Bd6 6. Bg3 Ne4 7. Nbd2 Nxg3 8.
hxg3 Nd7 9. Bd3 Bxd3 10. cxd3 c5 11. dxc5 Nxc5 12. Ke2 Qd7 13. b4 Na4 14. Qb3
Rc8 15. Rac1 O-O 16. g4 b5 17. d4 f5 18. gxf5 Rxf5 19. Qd3 g6 20. e4 Rff8 21. e5
Be7 22. Qe3 Rxc1 23. Rxc1 Nb6 24. Qh6 Nc4 25. Rh1 Rf7 26. Nb3 Nxa3 27. Ng5 Bxg5
28. Qxg5 Qe7 29. Qxe7 Rxe7 30. Kd3 h5 31. Nc5 Nc4 32. Rh3 Nb2+ 33. Kc2 Na4 34.
Nxa4 bxa4 35. Ra3 Rc7+ 36. Kd3 Rc4 37. Rxa4 a5 38. Rxa5 Rxb4 39. Ra6 Kf7 40.
Ra7+ Kf8 41. Ra6 Kf7 1/2-1/2

[Event "chess.com IoM Masters"]
[Site "Douglas ENG"]
[Date "2016.10.08"]
[Round "8.37"]
[White "Webb, Laurence E"]
[Black "Tarjan, James E"]
[Result "1/2-1/2"]
[WhiteTitle "FM"]
[BlackTitle "GM"]
[WhiteElo "2280"]
[BlackElo "2420"]
[WhiteFideId "402389"]
[BlackFideId "2000180"]
[EventDate "2016.10.01"]

1. d4 Nf6 2. c4 d6 3. Nf3 Nbd7 4. Nc3 e5 5. Bg5 h6 6. Bh4 g5 7. Bg3 Nh5 8. e3
Bg7 9. dxe5 Nxg3 10. hxg3 g4 11. Nd4 Nxe5 12. Qc2 Be6 13. O-O-O Qg5 14. Qa4+ Bd7
15. Qb3 O-O-O 16. Nd5 Kb8 17. Nf4 h5 18. Be2 h4 19. gxh4 Rxh4 20. g3 Rxh1 21.
Rxh1 Rh8 22. Qd1 Rxh1 23. Qxh1 Qh6 24. Qxh6 Bxh6 25. Kd2 a6 26. b3 c5 27. Nc2
Bg5 28. Nd5 b5 29. Ne1 Kb7 30. Ng2 bxc4 31. bxc4 Bf5 32. Nh4 Be4 33. Nc3 Bh1 34.
Nf5 Kc6 35. Kc2 Kd7 36. Kd2 Ke6 37. Ng7+ Kd7 38. Nf5 Bc6 39. Nd5 Ke6 40. Ng7+
Kd7 41. Nf5 Ke6 1/2-1/2

[Event "chess.com IoM Masters"]
[Site "Douglas ENG"]
[Date "2016.10.08"]
[Round "8.38"]
[White "Das, Arghyadip"]
[Black "Lyell, Mark"]
[Result "1-0"]
[WhiteTitle "IM"]
[BlackTitle "FM"]
[WhiteElo "2400"]
[BlackElo "2190"]
[WhiteFideId "5003610"]
[BlackFideId "402354"]
[EventDate "2016.10.01"]

1. e4 c6 2. c4 d5 3. cxd5 cxd5 4. exd5 Nf6 5. Qa4+ Nbd7 6. Nc3 g6 7. Nf3 Bg7 8.
Bc4 O-O 9. d3 a6 10. Qa3 Nb6 11. Qb3 Nxc4 12. dxc4 b5 13. O-O bxc4 14. Qxc4 e6
15. dxe6 Bxe6 16. Qh4 Nd5 17. Bg5 Qb6 18. Rab1 Rab8 19. Na4 Qd6 20. b3 Qa3 21.
Bc1 Qb4 22. Bb2 Qxh4 23. Nxh4 Rb4 24. Nf3 Bxb2 25. Rxb2 Rc8 26. Rd2 Nf4 27. Rfd1
Bd5 28. Ne1 Rb5 29. Kf1 Bb7 30. Rd8+ Rxd8 31. Rxd8+ Kg7 32. Rd4 Ne6 33. Rd6 Rh5
34. h3 a5 35. Nd3 Kf8 36. f3 Ke7 37. Rb6 Bc8 38. Kf2 Rd5 39. Nab2 Nd4 40. Nf4
Rc5 41. Nc4 a4 42. Nd3 Rc7 43. Ne3 axb3 44. axb3 Be6 45. Nf4 Ra7 46. Ned5+ Kd7
47. Nf6+ Kc7 48. N6d5+ Kd7 49. Ke3 Nf5+ 50. Ke4 Nd6+ 51. Ke5 Nc8 52. Rb8 Nd6 53.
Rb6 Nc8 54. Nf6+ Kc7 55. Rb4 Ra5+ 56. N6d5+ Bxd5 57. Nxd5+ Kd8 58. Rb7 h5 59. b4
Ra7 60. Rxa7 Nxa7 61. Kf6 Ke8 62. Nc3 Nc8 63. Ke5 Kd7 64. b5 Nd6 65. Kf6 h4 66.
f4 Ke8 67. b6 Kd7 68. Nd1 Kc6 69. Ke7 g5 70. fxg5 Ne4 71. Kxf7 Nxg5+ 72. Kf6
Ne4+ 73. Kf5 Nd6+ 74. Kg4 Kxb6 75. Kxh4 Kc6 76. Ne3 Kd7 77. Kg5 Ke6 78. h4 Kf7
79. g4 Ne4+ 80. Kf4 Nf6 81. g5 Nh5+ 82. Kg4 Ng7 83. h5 Ne6 84. Nf5 Kg8 85. g6
Nf8 86. Kg5 Ne6+ 87. Kf6 1-0

[Event "chess.com IoM Masters"]
[Site "Douglas ENG"]
[Date "2016.10.08"]
[Round "8.39"]
[White "Marin, Mihail"]
[Black "Hill, Alistair"]
[Result "1-0"]
[WhiteTitle "GM"]
[WhiteElo "2569"]
[BlackElo "2249"]
[WhiteFideId "1200020"]
[BlackFideId "432407"]
[EventDate "2016.10.01"]

1. d4 Nf6 2. c4 g6 3. Nc3 d5 4. cxd5 Nxd5 5. e4 Nxc3 6. bxc3 Bg7 7. Nf3 c5 8.
Be3 O-O 9. Rc1 Bg4 10. Qd2 cxd4 11. cxd4 Nc6 12. d5 Bxf3 13. gxf3 Ne5 14. Be2
Qd7 15. f4 Ng4 16. O-O e5 17. fxe5 Bxe5 18. Bf4 Rfe8 19. Bxe5 Nxe5 20. f4 Ng4
21. Bf3 Rac8 22. h3 Nf6 23. e5 Rxc1 24. Rxc1 Nh5 25. Bg4 Qb5 26. Bxh5 gxh5 27.
Kh2 Kh8 28. Rg1 Rg8 29. Rxg8+ Kxg8 30. d6 Qd7 31. Qd3 h4 32. f5 Kf8 33. Qc2 f6
34. Qc7 Qxf5 35. Qe7+ Kg8 36. Qxf6 Qc2+ 37. Kg1 Qc5+ 38. Kg2 Qd5+ 39. Kf2 Qxa2+
40. Kf3 a5 41. Qg5+ Kh8 42. Qf5 Kg7 43. d7 Qb3+ 44. Kg4 Qd1+ 45. Kxh4 1-0

[Event "chess.com IoM Masters"]
[Site "Douglas ENG"]
[Date "2016.10.08"]
[Round "8.40"]
[White "Daulyte, Deimante"]
[Black "Allen, Keith"]
[Result "1-0"]
[WhiteTitle "IM"]
[WhiteElo "2429"]
[BlackElo "2236"]
[WhiteFideId "12802859"]
[BlackFideId "2501147"]
[EventDate "2016.10.01"]

1. e4 e5 2. Nf3 Nc6 3. Bc4 Bc5 4. O-O Nf6 5. d3 a6 6. c3 Ba7 7. a4 d6 8. Na3 Qe7
9. Re1 O-O 10. Bg5 h6 11. Bh4 g5 12. Bg3 Be6 13. b4 Nd7 14. b5 axb5 15. axb5 Nd8
16. d4 f6 17. Qd3 Qf7 18. Nd2 c6 19. bxc6 bxc6 20. d5 cxd5 21. exd5 Bg4 22. Nb5
Nc5 23. Qc2 Qb7 24. Qg6+ Kh8 25. Qxh6+ Kg8 26. Qg6+ Kh8 27. Nxd6 Qd7 28. Rxe5
Ncb7 29. Re8 Rxe8 30. Nxe8 Bxf2+ 31. Kxf2 Rxa1 32. Qh6+ Qh7 33. Qf8+ Qg8 34.
Qxf6+ 1-0

[Event "chess.com IoM Masters"]
[Site "Douglas ENG"]
[Date "2016.10.08"]
[Round "8.41"]
[White "Arakhamia-Grant, Ketevan"]
[Black "Player, Edmund C"]
[Result "0-1"]
[WhiteTitle "GM"]
[WhiteElo "2376"]
[BlackElo "2227"]
[WhiteFideId "13600168"]
[BlackFideId "406520"]
[EventDate "2016.10.01"]

1. e4 e6 2. d4 d5 3. Nc3 Bb4 4. e5 c5 5. a3 Bxc3+ 6. bxc3 Ne7 7. a4 Qa5 8. Bd2
Nbc6 9. Nf3 Bd7 10. Be2 O-O-O 11. c4 Qc7 12. cxd5 Nxd5 13. c4 Nde7 14. O-O cxd4
15. Ng5 Nxe5 16. f4 h6 17. fxe5 hxg5 18. Rxf7 Qxe5 19. h3 Rdf8 20. Rxf8+ Rxf8
21. Bg4 Nf5 22. Qf3 Qg3 23. Qxg3 Nxg3 24. Re1 Bxa4 25. Bxe6+ Bd7 26. Bd5 Re8 27.
Rxe8+ Bxe8 28. Kf2 Nh5 29. Bxg5 Nf6 30. Bxf6 gxf6 31. g4 Bc6 32. h4 Kd8 33. h5
Ke7 34. Kf3 a5 35. Ke4 Bd7 36. h6 Kf8 37. Kxd4 b6 38. g5 fxg5 39. Ke5 Ba4 40.
Kd6 Bc2 41. c5 bxc5 42. Kxc5 a4 43. Kb4 g4 44. Be6 g3 45. Bd5 Bb3 46. Be4 Kg8
47. Kc3 Kh8 48. Kb2 Bd1 49. Kb1 Bg4 50. Kb2 Bf5 51. Bd5 Kh7 52. Kc3 Kxh6 53. Kd2
Be6 54. Bc6 a3 55. Kc2 Kg5 56. Kb1 Kf4 57. Kc2 Ke3 58. Kc3 Kf2 59. Kc2 Bg4 0-1

[Event "chess.com IoM Masters"]
[Site "Douglas ENG"]
[Date "2016.10.08"]
[Round "8.42"]
[White "Bellaiche, Anthony"]
[Black "Kavutskiy, Konstantin"]
[Result "0-1"]
[WhiteTitle "IM"]
[BlackTitle "FM"]
[WhiteElo "2494"]
[BlackElo "2332"]
[WhiteFideId "615668"]
[BlackFideId "2026384"]
[EventDate "2016.10.01"]

1. d4 Nf6 2. c4 g6 3. Nc3 Bg7 4. e4 d6 5. Nf3 O-O 6. Be2 e5 7. O-O Nc6 8. d5 Ne7
9. b4 a5 10. bxa5 c5 11. a4 Rxa5 12. Ra3 Ra6 13. Nd2 Nd7 14. Nb5 f5 15. exf5
Nxf5 16. Ne4 Nf6 17. Ng5 Qe7 18. Re1 Kh8 19. Bf1 h6 20. Ne6 Bxe6 21. dxe6 Rc6
22. Rh3 Qxe6 23. g4 Nd4 24. g5 Nh7 25. gxh6 Bf6 26. Bg2 Bg5 27. Bxg5 Nxg5 28.
Rg3 Qf6 29. Nxd4 cxd4 30. f4 exf4 31. Rxg5 Qxg5 32. Qxd4+ Rf6 33. Re6 d5 34. h4
Qxh4 35. Re8+ Kh7 36. Qxd5 Qg4 37. Qg8+ Kxh6 38. Re5 Rc8 39. Qd5 f3 40. Qd2+ g5 0-1

[Event "chess.com IoM Masters"]
[Site "Douglas ENG"]
[Date "2016.10.08"]
[Round "8.43"]
[White "Gill, Neville B K"]
[Black "Johnson, Paul A"]
[Result "1-0"]
[WhiteElo "2102"]
[BlackElo "1893"]
[WhiteFideId "404012"]
[BlackFideId "415677"]
[EventDate "2016.10.01"]

1. d4 d5 2. c4 c6 3. Nc3 Nf6 4. e3 Bf5 5. cxd5 cxd5 6. Qb3 Qb6 7. Nxd5 Qxb3 8.
Nxf6+ exf6 9. axb3 Bc2 10. Bc4 Bb4+ 11. Bd2 Nc6 12. Rc1 Bxd2+ 13. Kxd2 Bf5 14.
Bb5 Bd7 15. Ne2 a6 16. Bxc6 Bxc6 17. f3 Ke7 18. Rc5 Rhd8 19. Rhc1 Rd6 20. e4
Rad8 21. d5 Be8 22. Rc7+ R8d7 23. Nd4 g6 24. b4 Rb6 25. R1c4 Kd6 26. Rc8 Re7 27.
Nb3 Bb5 28. Rd8+ Rd7 29. Rxd7+ Kxd7 30. Rd4 Kd6 31. Ke3 Kc7 32. f4 Kd6 33. Nd2
h5 34. Nf3 Bd7 35. e5+ fxe5 36. fxe5+ Ke7 37. Kd2 Rb5 38. Kc3 a5 39. bxa5 Rxa5
40. b4 Ra2 41. Rd2 Ra8 42. Kd4 b6 43. Ng5 Bb5 44. Rf2 Rf8 45. Rf6 Be2 46. Rxb6
Bf1 47. Rb7+ 1-0

[Event "chess.com IoM Masters"]
[Site "Douglas ENG"]
[Date "2016.10.08"]
[Round "8.44"]
[White "Grant, Jonathan I M"]
[Black "Tate, Alan"]
[Result "0-1"]
[BlackTitle "FM"]
[WhiteElo "2223"]
[BlackElo "2376"]
[WhiteFideId "2400294"]
[BlackFideId "2401878"]
[EventDate "2016.10.01"]

1. c4 c5 2. Nc3 Nf6 3. g3 d5 4. cxd5 Nxd5 5. Bg2 Nc7 6. Nf3 Nc6 7. O-O e5 8. d3
Be7 9. Nd2 O-O 10. Nc4 f6 11. Be3 Nd4 12. Rc1 Rb8 13. Ne4 Nce6 14. a4 b6 15. f4
exf4 16. gxf4 Nf5 17. Bd2 Nh4 18. f5 Nd4 19. Bf4 Rb7 20. Ned6 Nxg2 21. Kxg2 Bxd6
22. Nxd6 Rd7 23. Nxc8 Qxc8 24. Bd2 Qe8 25. e4 Qf7 26. Bc3 Nb3 27. Rc2 Rfd8 28.
Rf3 c4 29. e5 Rxd3 30. Qe2 fxe5 31. Qxe5 Rxf3 32. Kxf3 Re8 33. Qf4 Qd5+ 34. Kf2
Nc5 35. Qg4 Ne4+ 36. Kg1 Nxc3 37. bxc3 Re4 38. Qh5 g6 39. Rg2 Re1+ 40. Kf2 Qxg2+ 0-1

[Event "chess.com IoM Masters"]
[Site "Douglas ENG"]
[Date "2016.10.08"]
[Round "8.45"]
[White "Van Foreest, Lucas"]
[Black "Vardan, Nagpal"]
[Result "1/2-1/2"]
[WhiteElo "2350"]
[BlackElo "2117"]
[WhiteFideId "1039792"]
[BlackFideId "25089544"]
[EventDate "2016.10.01"]

1. e4 c5 2. Nc3 e6 3. Nge2 Nc6 4. d4 cxd4 5. Nxd4 Nf6 6. Be2 Bb4 7. O-O Bxc3 8.
bxc3 Nxe4 9. Qd3 d5 10. Ba3 Qa5 11. Nb5 a6 12. Nd6+ Nxd6 13. Bxd6 Ne7 14. Bf3
Qd8 15. Ba3 b5 16. Rfe1 Bb7 17. c4 bxc4 18. Qd2 Bc6 19. Qg5 Ng6 20. Qg4 Qf6 21.
Rad1 O-O-O 22. Qh3 Qh4 23. Qxh4 Nxh4 24. Bh5 Ng6 25. Bb2 Ba4 26. Bxg6 hxg6 27.
Bxg7 Rhe8 28. Rd2 Kd7 29. Bf6 Rb8 30. h4 Rb6 31. c3 Reb8 32. g4 Rb1 33. Rxb1
Rxb1+ 34. Kh2 Ke8 35. h5 gxh5 36. gxh5 Kf8 37. Rd4 Kg8 38. Kg3 Kh7 39. Rg4 1/2-1/2